Logo BPK

Bibliografia Prac Pracowników

Politechniki Koszalińskiej

Regeneracja czynnej powierzchni ściernicy wysokociśnieniową strugą cieczy / (Rekord nr 9453)

Szczegóły MARC
000 -ETYKIETA REKORDU
podpole kontrolne o stałej długości 01227naa a2200229 i 4500
001 - NUMER KONTROLNY REKORDU
podpole kontrolne 9453
003 - IDENTYFIKATOR NUMERU KONTROLNEGO REKORDU
podpole kontrolne KOSZ 005
005 - DATA OSTATNIEJ MODYFIKACJI REKORDU
podpole kontrolne 20190606151717.0
008 - POLE O STAŁEJ DŁUGOŚCI - DANE KONTROLNE
podpole kontrolne o stałej długości 180328s2012 pl a f |000 0 pol
040 ## - ŹRÓDŁO KATALOGOWANIA
Instytucja, która sporządziła opis KOSZ 005/HR
Instytucja, która utworzyła rekord KOSZ 005/HR
080 ## - UNIWERSALNA KLASYFIKACJA DZIESIĘTNA - UKD
UKD 621.92
100 1# - NAZWA OSOBOWA
Nazwa osobowa PLICHTA, Jarosław.
Instytucja Politechnika Koszalińska - Wydział Mechaniczny,
Wydział Katedra Inżynierii Produkcji
Lata pracy 1996 - .
245 1# - TYTUŁ/ODPOWIEDZIALNOŚĆ
Tytuł Regeneracja czynnej powierzchni ściernicy wysokociśnieniową strugą cieczy /
Pozostałe elementy strefy tytułu i oznaczenia odpowiedzialności Jarosław Plichta, Krzysztof Nadolny.
650 #0 - HASŁO PRZEDMIOTOWE W FORMIE NAZWY OGÓLNEJ LUB JEDNOSTKOWEJ
Nazwa ogólna lub geograficzna Materiały ścierne.
650 #0 - HASŁO PRZEDMIOTOWE W FORMIE NAZWY OGÓLNEJ LUB JEDNOSTKOWEJ
Nazwa ogólna lub geograficzna Materiały twarde i supertwarde.
650 #4 - HASŁO PRZEDMIOTOWE W FORMIE NAZWY OGÓLNEJ LUB JEDNOSTKOWEJ
Nazwa ogólna lub geograficzna Szlifowanie
700 1# - HASŁO DODATKOWE - NAZWA OSOBOWA
Nazwa osobowa NADOLNY, Krzysztof.
Instytucja Politechnika Koszalińska - Wydział Mechaniczny,
Wydział Katedra Inżynierii Produkcji
Lata pracy 2006 - .
773 0# - TYTUŁ DOKUMENTU MACIERZYSTEGO
Wyrażenie wprowadzające W :
Tytuł Wysoko efektywne szlifowanie materiałów trudno skrawalnych. -
Adres wydawniczy Koszalin : Wydaw. Uczelniane Politechniki Koszalińskiej, 2012. -
Informacje dotyczące relacji s. 256-273.
Strefa serii Monografia Wydziału Mechanicznego
856 ## - LOKALIZACJA I DOSTĘP DO ELEKTRONICZNYCH DOKUMENTÓW ZDALNYCH
Link (URL) http://dlibra.tu.koszalin.pl/dlibra/docmetadata?id=962&from=&dirids=1&ver_id=&lp=1&QI=
Tekst linku Biblioteka Cyfrowa
856 ## - LOKALIZACJA I DOSTĘP DO ELEKTRONICZNYCH DOKUMENTÓW ZDALNYCH
Link (URL) http://koha.tu.koszalin.pl/cgi-bin/koha/opac-detail.pl?biblionumber=61606
Tekst linku Katalog online BPK
942 ## - HASŁO DODATKOWE - ELEMENTY(KOHA)
Schemat klasyfikacji Uniwersalna klasyfikacja dziesiętna
Typ dokumentu Rozdział

Brak dostępnych egzemplarzy.

© 2014 Biblioteka Politechniki Koszalińskiej :: BIBLIOGRAFIA PRAC PRACOWNIKÓW